000 00388nam a2200145Ia 4500
008 210210b1988 xxu||||| |||| 00| 0 eng d
082 _a820.309 NARR
100 _aNARAYANAN (Shyamala A).
245 _aRaja Rao: man & his works.
260 _aN D
_bSterling Publishers Pvt Ltd.,
_c1988
300 _avi,143
650 _aRaja Rao
690 _aIndian English Criticism
906 _a042700
999 _c92617
_d92617